000
00282nam a2200121Ia 4500
008
190216s9999||||xx |||||||||||||| ||und||
100
_a
Maradu Reghunath
245
0
_a
Agni Rekha
260
_b
C I C C Book House
_c
1976
300
_a
91p
650
_a
Malayalam Nadakam
942
_c
BK
999
_c
26052
_d
26052